Cargando…

Fighting for Virtue : Justice and Politics in Thailand /

"Offers an analysis of the recent era of "judicialization," using close scrutiny of some key trials to explain how and why Thailand's judges proved unable to resolve the country's longstanding political crisis, despite their royal mandate to do so"--

Detalles Bibliográficos
Autor principal: McCargo, Duncan (Autor)
Formato: Electrónico eBook
Idioma:Inglés
Publicado: Ithaca : Cornell University Press, 2019.
Colección:Book collections on Project MUSE.
Temas:
Acceso en línea:Texto completo

MARC

LEADER 00000cam a22000004a 4500
001 musev2_71948
003 MdBmJHUP
005 20230905051418.0
006 m o d
007 cr||||||||nn|n
008 190416t20192019nyu o 00 0 eng d
010 |z  2019018382 
020 |a 9781501709586 
020 |z 9781501712227 
020 |z 9780801449994 
035 |a (OCoLC)1098218540 
040 |a MdBmJHUP  |c MdBmJHUP 
100 1 |a McCargo, Duncan,  |e author. 
245 1 0 |a Fighting for Virtue :   |b Justice and Politics in Thailand /   |c Duncan McCargo. 
264 1 |a Ithaca :  |b Cornell University Press,  |c 2019. 
264 3 |a Baltimore, Md. :  |b Project MUSE,   |c 2020 
264 4 |c ©2019. 
300 |a 1 online resource (282 pages). 
336 |a text  |b txt  |2 rdacontent 
337 |a computer  |b c  |2 rdamedia 
338 |a online resource  |b cr  |2 rdacarrier 
490 0 |a Studies of the Weatherhead East Asian Institute, Columbia University 
505 0 |a Introduction : legalism and the revival of treason -- Privileged caste? -- Bench and throne -- Challenges to the judiciary -- Against the crown? -- Computer compassings -- Against the state -- Crimes of Thaksin -- Courting constitutionalism -- Conclusion : the trouble is politics 
520 |a "Offers an analysis of the recent era of "judicialization," using close scrutiny of some key trials to explain how and why Thailand's judges proved unable to resolve the country's longstanding political crisis, despite their royal mandate to do so"--  |c Provided by publisher 
588 |a Description based on print version record. 
650 7 |a Politics and government.  |2 fast  |0 (OCoLC)fst01919741 
650 7 |a Political questions and judicial power.  |2 fast  |0 (OCoLC)fst01069674 
650 7 |a Judicial power.  |2 fast  |0 (OCoLC)fst00984696 
650 7 |a Judges.  |2 fast  |0 (OCoLC)fst00984490 
650 7 |a POLITICAL SCIENCE / World / Asian  |2 bisacsh 
650 6 |a Pouvoir judiciaire  |z Thaïlande. 
650 6 |a Politique et pouvoir judiciaire  |z Thaïlande. 
650 0 |a Judges  |z Thailand. 
650 0 |a Judicial power  |z Thailand. 
650 0 |a Political questions and judicial power  |z Thailand. 
651 7 |a Thailand.  |2 fast  |0 (OCoLC)fst01205310 
651 6 |a Thaïlande  |x Politique et gouvernement  |y 21e siecle. 
651 0 |a Thailand  |x Politics and government  |y 21st century. 
655 7 |a Electronic books.   |2 local 
710 2 |a Project Muse.  |e distributor 
830 0 |a Book collections on Project MUSE. 
856 4 0 |z Texto completo  |u https://projectmuse.uam.elogim.com/book/71948/ 
945 |a Project MUSE - Custom Collection 
945 |a Project MUSE - 2020 Complete 
945 |a Project MUSE - 2020 Political Science and Policy Studies 
945 |a Project MUSE - 2020 Asian and Pacific Studies